000 01235cad a22002295a 4500
001 L137539
008 070413s2007 xxkdko f f000 0 eng d
035 _a(Sirsi) u137539
041 0 _aeng
050 0 4 _a631.27 $2 18
245 0 0 _aHedgerow survey handbook
_ba standard procedure for local surveys in the UK
_Bprepared on behalf of the Steering Group for the UK Biodiversity Action Plan for Hedgerows
_h[electronic resource]
250 _a2nd ed.
260 _aLondon
_bDEFRA
_c2007
520 _aSets out a standard way of recording hedgerows, focussing on their wildlife or biodiversity. Takes account of recent advances in understanding what a hedgerow looks like when it is in a good condition for wildlife. Presents a survey method which will give accurate, consistent information on the state of hedgerows at a local level, what the main influences are on their condition and what needs to be done to restore.
590 _aKA
650 2 4 _aFARMING
650 2 4 _aAGRICULTURE
651 4 _aUnited Kingdom
_y
690 _aRURAL PRACTICE
856 4 0 _uhttps://archive.defra.gov.uk/foodfarm/landmanage/landscape/documents/hedgerow-survey-handbook.pdf
_zView this item free of charge at archive.defra.gov.uk
942 _n0
999 _c106811
_d106811